Normal view
MARC view
- تاليف بني عامر، موسى محمد أبو العسل؛ مراجعة فنية احمد الجوارنة؛ مراجعة تاريخية محمد بني يونس؛ مراجعة نحوية احمد جوهر الحسن
Entry Personal Name
001 - CONTROL NUMBER
- control field: 50028
003 - CONTROL NUMBER IDENTIFIER
- control field: JO-AjAnu
005 - DATE AND TIME OF LATEST TRANSACTION
- control field: 20230606082235.0
008 - FIXED-LENGTH DATA ELEMENTS
- fixed length control field: 230606|| aca||aabn | a|a d
040 ## - CATALOGING SOURCE
- Original cataloging agency: JO-AjAnu
- Transcribing agency: JO-AjAnu
100 ## - HEADING--PERSONAL NAME
- Personal name: تاليف بني عامر، موسى محمد أبو العسل؛ مراجعة فنية احمد الجوارنة؛ مراجعة تاريخية محمد بني يونس؛ مراجعة نحوية احمد جوهر الحسن
670 ## - SOURCE DATA FOUND
- Source citation: Work cat.: (JO-AjAnu)25579: تاليف بني عامر، موسى محمد أبو العسل؛ مراجعة فنية احمد الجوارنة؛ مراجعة تاريخية محمد بني يونس؛ مراجعة نحوية احمد جوهر الحسن, author, الزعامات المحلية في تبنه: ناحية الكورة 1500-1921م